000 00503nam a2200157 i 4500
001 56297
003 ES-MaACL
005 20230906163326.0
007 t|
008 031007s1952 sp ||||1| spa d
245 0 0 _aDiccionario de historia de España
_b: desde sus orígenes hasta el fin del reinado de Alfonso XIII.
260 _aMadrid :
_bRevista de Occidente,
_c[1952] (
_fEstades)
300 _a2 v. ;
_c22 cm.
651 4 _aEspaña-
_xHistoria-
_vDiccionarios.
_98342
852 _aES-MaACL
_jC-8909-10
999 _c56297
_d56297